000 00367nam a2200133 a 4500
001 000029579
005 20200930055642.0
008 110419s20uu dr 000 0 spa d
040 _aDO-SdBNP
_bspa
_cBNPHU
245 0 0 _aFalcemia o anemia falciforme/.
260 _aSanto Domingo :
_bDespacho de la Primera Dama,
_c[200?].
300 _a20 p. ;
_c21 cm.
049 _aBNPD
999 _c29071
_d29071